<?xml version="1.0" encoding="UTF-8"?>
<collection xmlns="http://www.loc.gov/MARC21/slim">
<record>
  <controlfield tag="001">149085</controlfield>
  <controlfield tag="005">20250124173229.0</controlfield>
  <datafield tag="020" ind1=" " ind2=" ">
    <subfield code="a">9788413578606</subfield>
  </datafield>
  <datafield tag="037" ind1=" " ind2=" ">
    <subfield code="a">BOOK-2025-152</subfield>
  </datafield>
  <datafield tag="041" ind1=" " ind2=" ">
    <subfield code="a">spa</subfield>
  </datafield>
  <datafield tag="100" ind1=" " ind2=" ">
    <subfield code="a">Laborda Soriano, Ana </subfield>
    <subfield code="b"></subfield>
  </datafield>
  <datafield tag="245" ind1=" " ind2=" ">
    <subfield code="a">Ética en Terapia Ocupacional</subfield>
  </datafield>
  <datafield tag="250" ind1=" " ind2=" ">
    <subfield code="a">1ª ed.</subfield>
  </datafield>
  <datafield tag="260" ind1=" " ind2=" ">
    <subfield code="a">Madrid</subfield>
    <subfield code="b">Síntesis</subfield>
    <subfield code="c">2024</subfield>
  </datafield>
  <datafield tag="300" ind1=" " ind2=" ">
    <subfield code="a">206</subfield>
  </datafield>
  <datafield tag="520" ind1=" " ind2=" ">
    <subfield code="a">La forma de atención y relación que establece el terapeuta ocupacional con una persona o una población determina una ética específica en la terapia ocupacional. La presente obra muestra la reflexión llevada a cabo tras analizar, dialogar y valorar la situación de la ética en el contexto actual de la terapia ocupacional en España. A partir de ese trabajo, se presenta, en primer lugar, un marco ético y, en segundo lugar, un modelo de resolución de los conflictos éticos propios de la terapia ocupacional que aspira a ser estudiado y debatido por los profesionales y por el alumnado. Mediante una serie de cuestiones, planteadas al finalizar cada capítulo, se pretende animar a los lectores a mantener una conciencia y un discurso ético constantes, algo fundamental para el adecuado desarrollo de la profesión en un contexto altamente exigente desde el punto de vista ético. </subfield>
  </datafield>
  <datafield tag="700" ind1=" " ind2=" ">
    <subfield code="a">Emeric Meaulle, Daniel</subfield>
    <subfield code="b"></subfield>
  </datafield>
  <datafield tag="700" ind1=" " ind2=" ">
    <subfield code="a">Cantero Garlito, Pablo A. </subfield>
    <subfield code="b"></subfield>
  </datafield>
  <datafield tag="856" ind1="0" ind2=" ">
    <subfield code="f">agroca@unizar.es</subfield>
  </datafield>
  <datafield tag="856" ind1="4" ind2=" ">
    <subfield code="u">http://zaguan.unizar.es/record/149085/files/BOOK-2025-152.pdf</subfield>
    <subfield code="z">Sin acceso</subfield>
    <subfield code="s">161785</subfield>
    <subfield code="y">Sin acceso</subfield>
  </datafield>
  <datafield tag="909" ind1="C" ind2="O">
    <subfield code="o">oai:zaguan.unizar.es:149085</subfield>
    <subfield code="p">books</subfield>
  </datafield>
  <datafield tag="773" ind1=" " ind2=" ">
    <subfield code="t"></subfield>
  </datafield>
  <datafield tag="540" ind1=" " ind2=" ">
    <subfield code="9">info:eu-repo/semantics/closedAccess</subfield>
  </datafield>
  <datafield tag="506" ind1=" " ind2=" ">
    <subfield code="a">all-rights-reserved</subfield>
  </datafield>
  <datafield tag="980" ind1=" " ind2=" ">
    <subfield code="a">BOOK</subfield>
    <subfield code="b">MONOGRAFIAS</subfield>
    <subfield code="b"></subfield>
  </datafield>
</record>
</collection>